Les François célèbres - Mort subite - Statistiques

Statistiques générales
  • Ce quiz a été pris 1 724 fois
  • Le résultat moyen est 4 sur 12
Answers on the Grid
Answers color-coded by a green-red scale on the quiz's grid according to % correct below.
Bayrou
Claude
Ruquier
De Funès
Blier
Damiens
Hardy
Jugnot
Hollande
Castex
Ford Coppola
Ravaillac
Cabrel
Mauriac
Chopin
Aliagas
Rabelais
Villon
Mitterrand
Sardou
Frédéric
Attal
Valéry
Millerand
Civil
Pignon
Berléand
Damien
Fillon
Deschamps
 
Statistiques - réponses
Réponse % Correct
Hollande
57%
Mitterrand
54%
Fillon
52%
Bayrou
50%
Civil
49%
Damiens
40%
Berléand
23%
Rabelais
21%
Valéry
17%
Mauriac
15%
Ravaillac
11%
Villon
11%
Aucun quiz correspondant
Distribution des résultats
% des personnes avec chaque résultat
Percentile par nombre de réponses
Votre historique - résultats
Vous n’avez pas pris ce quiz